000 00912nam a2200289 a 4500
001 vtls001509107
003 NLI
005 20210627141817.0
008 121211s1967 ii f000 0 eng
039 9 _y201212111857
_zVLOAD
040 0 _aNLI
_beng
_cXData_2
_eAACR2
041 0 _aeng
044 _aii
082 0 4 _a060
110 2 _aUnited Nations Educational, Scientific and Cultural Organization
_9682261
245 1 0 _aReport of the Indian Delegation to the fourteenth session of the general conference /
_cUNESCO
260 _aNew Delhi :
_bThe Government,
_c1967
300 _a123 p. ;
_c24 cm.
650 0 _aAssociations, institutions, etc.
_9702535
650 0 _aCongresses and conventions
_9709322
887 _a
901 _a52950 date
_b22.02.1968
902 _aGP 060.[1] Un 3 ind
949 _AVIRTUAITEM
_D10003
_X100
_6IOD000052950ENG
942 _2ddc
_cBKS
999 _aVIRTUA40
_c961925
_d961925